| 000 | 00542nam a2200181 i 4500 | ||
|---|---|---|---|
| 001 | 38063 | ||
| 003 | ES-MaACL | ||
| 005 | 20250831030033.0 | ||
| 007 | t| | ||
| 008 | 030224s1915 xxu ||||1| spa d | ||
| 100 | 1 |
_aCabrera, Luis, _d1876-1954 _933290 |
|
| 245 | 1 | 3 |
_aLa cuestión religiosa en México / _cLuis Cabrera. |
| 260 |
_aNueva York : _bLas Novedades, _c1915. |
||
| 300 |
_a35 p., 1 lám.. retr. autor ; _c24 cm. |
||
| 650 | 0 | 4 |
_aIglesia y Estado- _zMéxico _913567 |
| 852 |
_aES-MaACL _j1491-F-3 |
||
| 999 |
_c38063 _d38063 |
||